Thermoelectrics and its Energy Harvesting : Materials, Preparation, and Characterization in Thermoelectrics

Guardado en:
Detalles Bibliográficos
Autor principal: Rowe, D.M (Autor)
Formato: Libro
Lenguaje:inglés
Publicado: Boca Raton : CRC Press, 2011
Edición:1. vyd.
Materias:
Etiquetas: Agregar Etiqueta
Sin Etiquetas, Sea el primero en etiquetar este registro!

MARC

LEADER 00000nam a22000003a 4500
001 stu269505
005 20150617230245.1
008 130701s2011------------------------eng-d
020 |a 978-1-4398-7470-7 
040 |a STU  |b slo 
041 0 |a eng 
080 |a 621.36  |7 stu_us_auth*stu3769 
080 |a 537.32 
100 1 |a Rowe, D.M.  |4 aut 
245 1 |a Thermoelectrics and its Energy Harvesting :  |b Materials, Preparation, and Characterization in Thermoelectrics 
250 |a 1. vyd. 
260 |a Boca Raton :  |b CRC Press,  |c 2011 
300 |a 500 s 
500 |a Centrum VTI SR 
650 7 |a Termoelektrika  |2 stusub 
996 |b 284J041164  |c J*115936  |l JJSK  |s A  |a 24  |w stu269505_0001